000 00588cam a2200205 a 4500
003 OSt
005 20150316094131.0
008 150312b xxu||||| |||| 00| 0 eng d
020 _a9789966846006
020 _a996684600X
040 _aSEKU
050 0 0 _aBJ 1012.02
_b.O3
100 1 _a Odhiambo F. Ochieng'-
245 1 0 _aFoundations of ethics :
_ba critical reader in moral and social philosophy /
_cF. Ochieng'-Odhiambo.
260 _aNairobi :
_bUniversity of Nairobi Press,
_c2009.
300 _a207 p.
504 _aIncludes bibl. refs.
650 0 _bEthics
942 _cGEN
_2lcc
999 _c307
_d307